Democrats and dissenters (Record no. 10656)

MARC details
000 -LEADER
fixed length control field 00489cam a2200193ua 4500
001 - CONTROL NUMBER
control field 11878
005 - DATE AND TIME OF LATEST TRANSACTION
control field 20260515114818.0
008 - FIXED-LENGTH DATA ELEMENTS--GENERAL INFORMATION
fixed length control field 191120n ii |||gr||||Z||||||eng
020 ## - INTERNATIONAL STANDARD BOOK NUMBER
International Standard Book Number 97802670089369
040 ## - CATALOGING SOURCE
Transcribing agency MAIN
082 ## - DEWEY DECIMAL CLASSIFICATION NUMBER
Classification number 320.5315
100 ## - MAIN ENTRY--PERSONAL NAME
Personal name Ramachandra Guha,
Relator term Author.
245 ## - TITLE STATEMENT
Title Democrats and dissenters
Statement of responsibility, etc. By Ramachandra Guha
250 ## - EDITION STATEMENT
Edition statement 1st ed.
260 ## - PUBLICATION, DISTRIBUTION, ETC.
Place of publication, distribution, etc. Haryana:
Name of publisher, distributor, etc. Penguin Random house,
Date of publication, distribution, etc. 2016.
300 ## - PHYSICAL DESCRIPTION
Extent 317p.
653 ## - INDEX TERM--UNCONTROLLED
Uncontrolled term Political science
942 ## - ADDED ENTRY ELEMENTS (KOHA)
Koha item type Books
Holdings
Withdrawn status Lost status Damaged status Not for loan Home library Current library Shelving location Date acquired Total checkouts Full call number Barcode Date last seen Copy number Price effective from Koha item type
        Naharkatiya College Library Naharkatiya College Library General stacks 09/19/2020   320.5315Political Science | GUH 25496 09/19/2020 1 09/19/2020 Books